Vivir joven / (Record no. 34229)

MARC details
000 -LEADER
campo de control de longitud fija 00662nam a2200229 i 4500
001 - NÚMERO DE CONTROL
campo de control 34229
003 - IDENTIFICADOR DE NÚMERO DE CONTROL
campo de control ES-MaACL
005 - FECHA Y HORA DE LA ÚLTIMA TRANSACCIÓN
campo de control 20230906154909.0
007 - CAMPO FIJO DE DESCRIPCIÓN FÍSICA--INFORMACIÓN GENERAL
campo de control de longitud fija t|
008 - DATOS DE LONGITUD FIJA--INFORMACIÓN GENERAL
campo de control de longitud fija 030204s1953 sp ||||1| spa d
100 1# - ENTRADA PRINCIPAL--NOMBRE DE PERSONA
Nombre de persona Bogomoletz, Viktor.
9 (RLIN) 29809
245 10 - MENCIÓN DEL TÍTULO
Título Vivir joven /
Mención de responsabilidad, etc. Victor Bogomoletz ; [versión española de Julio Lago Alonso].
250 ## - MENCION DE EDICION
Mención de edición 1ª ed.
260 ## - PUBLICACIÓN, DISTRIBUCIÓN, ETC.
Lugar de publicación, distribución, etc. Barcelona :
Nombre del editor, distribuidor, etc. Luis de Caralt,
Fecha de publicación, distribución, etc. 1953 (
Fabricante Horta)
300 ## - DESCRIPCIÓN FÍSICA
Extensión 291 p. ;
Dimensiones 21 cm.
490 1# - MENCIÓN DE SERIE
Mención de serie Cultura médica
650 04 - PUNTO DE ACCESO ADICIONAL DE MATERIA--TÉRMINO DE MATERIA
Término de materia o nombre geográfico como elemento de entrada Longevidad.
9 (RLIN) 14705
700 1# - ENTRADA AGREGADA--NOMBRE PERSONAL
Nombre de persona Lago Alonso, Julio.
9 (RLIN) 69587
830 0# - PUNTO DE ACCESO ADICIONAL DE SERIE-TÍTULO UNIFORME
Título uniforme Cultura médica
9 (RLIN) 183701
852 ## - LOCALIZACIÓN
Ubicación ES-MaACL
Número de control de estantería C-8818
Holdings
Estatus retirado Estado de pérdida Estado de daño No para préstamo Biblioteca de origen Biblioteca actual Ubicación en estantería Fecha de adquisición Fuente de adquisición Total de préstamos Signatura topográfica completa Código de barras Visto por última vez Precio de reemplazo Tipo de ítem Koha
        Biblioteca del Ateneo de Madrid Biblioteca del Ateneo de Madrid Sala Palomar 17/01/2008     C-8818 1035693 23/02/2023 23/02/2023 Libro impreso